Vista normal Vista MARC

Entrada Nombre Geográfico

Número de registros utilizados en: 1

001 - CONTROL NUMBER

  • control field: 27463

003 - CONTROL NUMBER IDENTIFIER

  • control field: AR-RoUNA

005 - DATE AND TIME OF LATEST TRANSACTION

  • control field: 20250929184850.0

008 - FIXED-LENGTH DATA ELEMENTS

  • fixed length control field: 250929|| aca||aabn | a|a d

040 ## - CATALOGING SOURCE

  • Original cataloging agency: AR-RoUNA
  • Transcribing agency: AR-RoUNA

151 ## - HEADING--GEOGRAPHIC NAME

  • Geographic name: Chicago, Illinois, Estados Unidos de América

670 ## - SOURCE DATA FOUND

  • Source citation: Work cat.: (AR-RoUNA)12141: American Institute of Architects Chicago 27461, AIA Guide to Chicago /, 2014